000 00599nam a2200229Ia 4500
003 OSt
005 20220928113757.0
006 a|||||r|||| 00| 0
007 ta
008 220927b |||||||| |||| 00| 0 eng d
024 _a28027
037 _cTextual
040 _aSDCL
_cSDCL
_beng
041 _2eng
_aeng
082 _aV2y7M81, N1
100 _aSahab Roa
_9435108
245 0 _aRao Bhadur sir Chhotu Ram Digdarshan.
260 _aDelhi
_bRamSingh Jakhadh
_c1991
300 _avii,i252p
_ccm.
942 _hV2y7M81, N1
_cTEXL
_2CC
999 _c751353
_d751353